000 00601nam a2200193 i 4500
001 24552
003 ES-MaACL
005 20250809060035.0
007 t|
008 021217s1969 sp ||||1| spa d
080 _a347.454.3
100 1 _aAngel Yagüez, Ricardo de.
_921709
245 1 4 _aLos créditos derivados del contrato de obra
_b: su protección legal en la legislación civil /
_cRicardo de Angel Yagüez.
260 _aMadrid :
_bTecnos,
_c[1969]
300 _a216 p. ;
_c22 cm.
650 1 7 _aContratos
_2embne
_911326
852 _aES-MaACL
_jC-38755
_bR.70527
999 _c24552
_d24552